| 000 | 00697nam a22002297a 4500 | ||
|---|---|---|---|
| 999 |
_c21181 _d21181 |
||
| 003 | AR-CdUCM | ||
| 008 | 190326b ||||| |||| 00| 0 spa d | ||
| 020 | _a9786124730528 | ||
| 040 |
_aMUNICIPALIDAD PROVINCIAL DEL CUSCO _cBIBLIOTECA MUNICIPAL DEL CUSCO |
||
| 082 |
_a869.56 / OS81A _bOS81A _2Segunda |
||
| 100 |
_aOsorio, Juan Alberto _96571 |
||
| 245 |
_aAlto de la Luna / _cJuan Alberto Osorio |
||
| 260 |
_aCusco : _bSieteculebras, _c2017. |
||
| 300 |
_a83 páginas ; _c19 cm. |
||
| 505 | _aContenido: Poesías. | ||
| 650 |
_aLiteratura Peruana _9132 |
||
| 650 |
_apoesías _944207 |
||
| 650 |
_aPoesía peruana _944208 |
||
| 650 |
_aSiglo XX _98 |
||
| 942 |
_2ddc _cLIBROS |
||
| 945 | _aRoel | ||